000 00374 a2200169 4500
001 70462
020 _a9788535634990
040 _cAnchieta - Itaigara
100 _aAlbergaria, Lino de
240 1 0 _aO livro de Laura
_lpor
245 1 0 _aO livro de Laura
300 _a143
362 0 _a2013
440 1 _aPaulinas
650 4 _aLiteratura infanto-juvenil
942 _cBK
999 _c70462
_d70462